El conflicto después de la victoria: recuerdos e impresiones de un ex-diplomático chileno en el Perú. La última discusión del problema de Tacna y Arica
Gardado en:
| Autor Principal: | |
|---|---|
| Formato: | Libro |
| Idioma: | Lingua castelá |
| Publicado: |
Santiago, Chile
Zig-Zag
1918
|
| Subjects: | |
| Tags: |
Engadir etiqueta
Sen Etiquetas, Sexa o primeiro en etiquetar este rexistro!
|
MARC
| LEADER | 00000nam a2200000 a 4500 | ||
|---|---|---|---|
| 001 | UCO2107 | ||
| 003 | CL-VaPUC | ||
| 005 | 20211019074354.0 | ||
| 008 | 000602e19180000CL |||||||||||||||||spa|d | ||
| 999 | |c 288647 |d 288645 | ||
| 040 | |c Pontificia Universidad Católica de Valparaíso | ||
| 082 | 0 | 4 | |a 327.83085 PER 1918 |2 21 |
| 100 | 0 | |a Pérez Canto, Julio |e author |9 444927 | |
| 245 | 1 | 3 | |a El conflicto después de la victoria: recuerdos e impresiones de un ex-diplomático chileno en el Perú. La última discusión del problema de Tacna y Arica |
| 260 | |a Santiago, Chile |b Zig-Zag |c 1918 | ||
| 300 | |a 597 páginas | ||
| 583 | |a last modification |c 20000602 00:00:00 |k Rodrigo Vera | ||
| 650 | 0 | |a Relaciones Internacionales |z CHILE |z PERU |9 255740 | |
| 650 | 0 | |a Historia diplomática |z CHILE |z PERU |9 314834 | |
| 650 | 0 | |a Problemas limítrofes |z CHILE |z PERU |9 266724 | |
| 650 | 7 | |a CONFLICTOS INTERNACIONALES |2 CL-VaPUC |9 334143 |z CHILE |z PERU | |
| 852 | |a BIBCUR | ||
| 942 | |c BK |2 ddc | ||
| 945 | |d 20000602 00:00:00 |a crobeson | ||
| 952 | |0 0 |1 0 |2 ddc |4 0 |6 327_830850000000000_PER_1918 |7 0 |8 X |9 336485 |a BIBHIS |b BIBHIS |d 2019-11-20 |i 1278835 |o 327.83085 PER 1918 |p 1278835 |r 2024-01-30 |t 1 |w 2019-11-20 |y BK_X |k HIS | ||
| 952 | |0 0 |1 0 |2 ddc |4 0 |6 327_830850000000000_PER_1918 |7 0 |8 X |9 336486 |a BIBHIS |b BIBHIS |d 2019-11-20 |i 1278843 |o 327.83085 PER 1918 |p 1278843 |r 2024-01-30 |t 2 |w 2019-11-20 |y BK_X |k HIS | ||